| Поле | Инд. | ПП | Название | Значение |
|---|---|---|---|---|
| Тип записи | a | |||
| Библиографический уровень | b | |||
| 001 | Контрольный номер | RU/IS/BASE/349448417 | ||
| 005 | Дата корректировки | 20201118120201.0 | ||
| 084 | a | Индекс другой классификации/Индекс ББК | 74.483(4) | |
| 100 | 1_ | a | Автор | Вандермеш П. А. |
| q | Полное имя | Вандермеш Питер А. | ||
| 245 | 10 | a | Заглавие | Преподаватели |
| c | Ответственность | автор публикаций О. Попов | ||
| 500 | a | Примечание | Окончание. Начало см.: № 2/2001 | |
| 650 | 04 | a | Основная рубрика | высшее образование |
| a | Основная рубрика | история образования | ||
| a | Основная рубрика | образование | ||
| a | Основная рубрика | профессиональное образование | ||
| 653 | 0_ | a | Ключевые слова | XV век |
| a | Ключевые слова | XVI век | ||
| a | Ключевые слова | XVII век | ||
| a | Ключевые слова | XVIII век | ||
| a | Ключевые слова | Европа | ||
| a | Ключевые слова | кадры | ||
| a | Ключевые слова | карьера | ||
| a | Ключевые слова | мобильность преподавателей | ||
| a | Ключевые слова | подбор персонала | ||
| a | Ключевые слова | преподаватели | ||
| a | Ключевые слова | преподавательская работа | ||
| a | Ключевые слова | профессорско-преподавательский состав | ||
| a | Ключевые слова | система образования | ||
| a | Ключевые слова | система обучения | ||
| a | Ключевые слова | специализация преподавателей | ||
| a | Ключевые слова | университеты | ||
| 700 | 12 | a | Автор | Попов О. |
| e | Роль лиц | автор публикации | ||
| 773 | 18 | t | Заглавие источника | Вестник Московского университета. Серия 18, Социология и политология |
| d | Дата издания источника | 2001 | ||
| g | Прочая информация | № 3. - С. 162 - 174 | ||
| w | Контрольный № источника | RU/IS/BASE/148578725 | ||
| 901 | t | Тип документа | b |